000 00841nam a2200205Ia 4500
003 OSt
005 20250714125109.0
008 210210b2003 xxu||||| |||| 00| 0 eng d
040 _cAL
041 _aKannada
082 _aK894.8 SAMA
100 _aSAMAGRA DASA SAHITYA.
_9151080
_dಸಮಗ್ರ ದಾಸ ಸಾಹಿತ್ಯ
245 _aSamagra dasa sahitya: samputa; 15, Muddumohana vithaladasaru hagu itharara kirtanegalu.
_bಸಮಗ್ರ ದಾಸ ಸಾಹಿತ್ಯ : ಸಂಪುಟ ೧೫: ಮುದ್ದುಮೋಹನ ವಿಠಲದಾಸರು ಹಾಗು ಇತರರ ಕೀರ್ತನೆಗಳು
260 _aBengaluru
_bKannada mattu Samskrati Nirdeshanalalya
_c2003
300 _a95,484
650 _aDasasahitya
_9151081
690 _aKannada Miscellaneous
_9151082
906 _a059386
942 _2ddc
_cBK
999 _c106529
_d106529